Advertising Basics!: a resource guide for beginners (Record no. 843)

MARC details
000 -LEADER
Fixed length control field 00496nam a2200169 4500
003 - CONTROL NUMBER IDENTIFIER
Control field SEACOMMC
005 - DATE AND TIME OF LATEST TRANSACTION
Control field 20250426124009.0
008 - FIXED-LENGTH DATA ELEMENTS--GENERAL INFORMATION
Fixed length control field 241207b |||||||| |||| 00| 0 eng d
020 ## - INTERNATIONAL STANDARD BOOK NUMBER / ISBN
International Standard Book Number 0-76199-810-1
Price Rs.320.00
040 ## - CATALOGING SOURCE
Original cataloging agency SEACOMMC
082 ## - DEWEY DECIMAL CLASSIFICATION NUMBER
Classification number 659.1
Book Number V 696
100 ## - MAIN ENTRY--PERSONAL NAME
Personal name Vilanilam, John V
245 1# - TITLE STATEMENT
Title Advertising Basics!: a resource guide for beginners
Statement of responsibility J.V. Vilanilam, A.K. Varghese
260 ## - IMPRINT
Place of publication New Delhi
Name of publisher Response Books
Date of publication 2004
650 ## - SUBJECT ADDED ENTRY--TOPICAL TERM
Topical term Advertising Agencies
942 ## - ADDED ENTRY ELEMENTS (KOHA)
Koha item type Books
Holdings
Withdrawn status Lost status Source of classification Damaged status Not for loan Home library Current library Shelving location Date acquired Total Checkouts Call number Accession number Date last seen Price effective from Koha item type Copy number
    Dewey Decimal Classification     SEACOM MANAGEMENT COLLEGE SEACOM MANAGEMENT COLLEGE Reference 30/11/2007   659.1 V 696 M-1125 07/12/2024 07/12/2024 Books  
    Dewey Decimal Classification     SEACOM MANAGEMENT COLLEGE SEACOM MANAGEMENT COLLEGE   30/11/2007   659.1 V 696 M-1126 07/12/2024 07/12/2024 Books 1
© Seacom Engineering College, All rights reserved.    Powered by Koha